Mechanical engg design 7th Ed (Record no. 304087)

000 -LEADER
fixed length control field 00316 a2200133 4500
001 - CONTROL NUMBER
control field 69014
082 ## - DEWEY DECIMAL CLASSIFICATION NUMBER
Classification number 621.815 SHI
090 ## - LOCALLY ASSIGNED LC-TYPE CALL NUMBER (OCLC); LOCAL CALL NUMBER (RLIN)
-- 38673
-- 38673
100 ## - MAIN ENTRY--PERSONAL NAME
Personal name Shigley,K
245 ## - TITLE STATEMENT
Title Mechanical engg design 7th Ed
250 ## - EDITION STATEMENT
Edition statement 7
260 ## - PUBLICATION, DISTRIBUTION, ETC.
Place of publication, distribution, etc. Boston
Name of publisher, distributor, etc. McGraw-Hill Higher Education
Date of publication, distribution, etc. 2004
300 ## - PHYSICAL DESCRIPTION
Extent xxiii,1030p
942 ## - ADDED ENTRY ELEMENTS (KOHA)
Institution code [OBSOLETE] NUST-CAE
Call number prefix 621.815 SHI
Holdings
Withdrawn status Lost status Damaged status Not for loan Collection code Permanent Location Current Location Date acquired Total Checkouts Full call number Barcode Date last seen Price effective from Koha item type
          College of Aeronautical Engineering (CAE) College of Aeronautical Engineering (CAE) 04/03/2017   621.815 SHI CAEN-2244 04/05/2017 04/05/2017 Book
© 2023 Central Library, National University of Sciences and Technology. All Rights Reserved.